Statistics for Mario Kart DS Tracks - Map Quiz

Click here to take the quiz!

General Stats

  • This quiz has been taken 687 times
  • The average score is 10 of 16

Answers on the Map

Answers color-coded by a green-red scale on the quiz's map according to % correct below.
 

Answer Stats

Answer% Correct
Figure-8 Circuit
90%
Tick Tock Clock
74%
Yoshi Falls
74%
Bowser Castle
72%
Waluigi Pinball
71%
Airship Fortress
70%
Peach Gardens
69%
Delfino Square
66%
Cheep Cheep Beach
61%
Luigi's Mansion
61%
Rainbow Road
61%
Wario Stadium
55%
DK Pass
52%
Mario Circuit
50%
Shroom Ridge
49%
Desert Hills
48%

Score Distribution

Percentile by Number Answered

Percent of People with Each Score

Your Score History

You have not taken this quiz